Boys and Girls Names that start with V - Statistics

General Stats
  • This quiz has been taken 532 times
  • The average score is 6 of 10
Answer Stats
Answer % Correct
Victor
93%
Victoria
86%
Vin
80%
Van
77%
Vincent
70%
Valerie
59%
Vanessa
58%
Valeria
21%
Vaughn
16%
Vonda
8%
No matching quizzes found
Score Distribution
Percent of People with Each Score
Percentile by Number Answered
Your Score History
You have not taken this quiz